000 00559nam a22002057a 4500
999 _c14515
_d14515
003 PK-NaQUE
005 20260114113559.0
008 260114b ||||| |||| 00| 0 eng d
020 _a978-0070681354
022 _a007068135X
040 _cQUEST
082 _a624.171WAN
100 _aWang, C. K.
245 _aIntermediate Structural Analysis
260 _aNew Delhi
_bMcgraw hill
_c2015
300 _a790p
650 _aStructural analysis (Engineering)
856 _uhttp://10.10.170.122:8080/browse/book/29206
_yDownload eBook
942 _cBK
_2ddc